La reforma del Consejo de la Magistratura (Registro nro. 33342)

Detalles MARC
000 -LEADER
fixed length control field 00322 a2200109 4500
001 - CONTROL NUMBER
control field ART_41864
005 - DATE AND TIME OF LATEST TRANSACTION
control field 20260410162023.0
008 - FIXED-LENGTH DATA ELEMENTS--GENERAL INFORMATION
fixed length control field 260409a
100 1# - MAIN ENTRY--PERSONAL NAME
Personal name Badeni, Gregorio
245 10 - TITLE STATEMENT
Title La reforma del Consejo de la Magistratura
773 0# - HOST ITEM ENTRY
Title Jurisprudencia Argentina
Related parts - Nº 1 (abr. 2006)
Record control number REV41622

No hay ítems disponibles.